000 00786nas a2200265Ia 4500
001 A50/R191-28798 [r000021791]
003 IT-MiCISF
008 161014c99999999xx |||||||||||| ||und||
040 _aIT-MiCISF
_cIT-MiCISF
041 _aITALIANO
100 _aLiverani Pier Giorgio
210 _aSì alla vita
222 _aSì alla vita
245 0 _aUn' etica fai-da-te contro ogni etica
250 _a1a ed.
260 _c1999
501 _bCISF - Centro Internazionale Studi Famiglia - Via Giotto, 36 20145 MILANO (non commercial uses only)
_cCopyright 2016
300 _app. 50-54
362 _an. 3, marzo [1999]
500 _a Tema: bioetica, diritto-alla-vita
650 _aBIOETICA
_varticolo
700 _aAA.VV.
942 _cCR
957 _71
999 _a28798
_bSi
_g1
_c238134
_d238134